000 00627nam a22002297a 4500
999 _c4890
_d4890
003 OSt
005 20200211101427.0
008 160729b xxu||||| |||| 00| 0 eng d
020 _a0443072957
040 _c040a
082 _a150 PSY 2004
100 _aAlder, Beth.[et..al]
_913617
245 _aPsychology and Sociology applied to Medicine
250 _a2nd.ed
260 _aEdinburgh;
_bElsevier,
_c2004
300 _axi, 179;
_bcol.ill :
_c25 cm.
504 _aIncludes bibliographical references and index
650 _aPsychology
_931
650 _aSociology
_92259
650 _aMedicine
_9324
942 _2z
_cO_SHELF